La transformación del sistema educativo : punto críticos y desafíos (Record no. 78325)
[ view plain ]
| 000 -CABECERA | |
|---|---|
| campo de control de longitud fija | 00585nam a2200193 a 4500 |
| 005 - FECHA Y HORA DE LA ÚLTIMA TRANSACCIÓN | |
| campo de control | 20210223124039.0 |
| 008 - ELEMENTOS DE LONGITUD FIJA--INFORMACIÓN GENERAL | |
| campo de control de longitud fija | 991125n 000 0 spa u |
| 035 ## - NÚMERO DE CONTROL DEL SISTEMA | |
| Número de control de sistema | UPN01000102732 |
| 100 ## - ASIENTO PRINCIPAL--NOMBRE PERSONAL | |
| Nombre de persona | FERNANDEZ LAMARRA, Norberto |
| 9 (RLIN) | 36809 |
| 222 ## - TÍTULO CLAVE | |
| Título clave | REVISTA IBEROAMERICANA DE EDUCACION |
| 245 ## - MENCIÓN DE TÍTULO | |
| Título | La transformación del sistema educativo : punto críticos y desafíos |
| 300 ## - DESCRIPCIÓN FÍSICA | |
| Extensión | 118-123 |
| 362 ## - FECHAS DE PUBLICACIÓN Y/O DESIGNACIÓN SECUENCIAL | |
| Fecha de publicación y/o designación secuencial | 1993 No. 1, ene.-abr. |
| 653 0# - TERMINO DE INDIZACION - NO CONTROLADO | |
| Término no controlado | ARGENTINA |
| 653 0# - TERMINO DE INDIZACION - NO CONTROLADO | |
| Término no controlado | LEY FEDERAL DE EDUCACION (ARGENTINA) |
| 653 0# - TERMINO DE INDIZACION - NO CONTROLADO | |
| Término no controlado | SISTEMA EDUCATIVO |
| 904 ## - ELEMENTOS DE DATOS D LOCAL, LDD (RLIN) | |
| a | AC |
| b | 040543 |
| 905 ## - TIPO DE MATERIAL | |
| Tipo de material | Articulo |
No items available.
